000
00355nam a22001577a 4500
003
MPLRDC
005
20220104124848.0
008
210129b ||||| |||| 00| 0 eng d
082
_a
868.71 SZH c.2
100
_a
宋子衡
245
_a
冷场
_c
260
_a
_b
蕉风月刊
_c
300
_b
平
650
_a
马华文学
942
_c
BK
_o
868.71 SZH c.2
999
_c
22746
_d
22736